00326 a2200145 450000100060000002000180000604000240002410000240004824000260007224500210009830000080011936200090012744000130013665000310014970462 a9788535634990 cAnchieta - Itaigara aAlbergaria, Lino de10aO livro de Lauralpor10aO livro de Laura a1430 a2013 1aPaulinas 4aLiteratura infanto-juvenil